| 000 | 00549nam a2200181Ia 4500 | ||
|---|---|---|---|
| 003 | GCL | ||
| 008 | 140319s9999 xx 000 0 eng d | ||
| 040 |
_aGCL / _cGCL |
||
| 082 | 0 | 4 |
_a745.44 _bH L |
| 100 | 1 | _aHIESINGER,KATHRYN B | |
| 245 | 1 | 0 |
_aLANDMARKS OF TWENTIETH - CENTURY DESIGN: AN ILLUSTRATED HANDBOOK / _cHIESINGER,KATHRYN B |
| 700 | 1 | _aMARCUS, GEORGE H | |
| 260 |
_a[S.N] : _bABBEVILLE PRESS PUBLISHERS ، _c1993 |
||
| 300 | _a431P | ||
| 650 | 0 | 4 | _aDESIGN HISTORY 20 TH CENTURY |
| 650 | 0 | 4 | _aDESIGN INDUSTRIAL HISTORY |
| 942 |
_2ddc _cBK |
||
| 999 |
_c12353 _d12353 |
||